000 01056nam a2200301Ia 4500
001 A8365
003 IT-RoPAU
008 130308s9999 xx 000 0 und d
040 _aIT-RoPAU
040 _cIT-RoPAU
041 _aITALIANO
100 _aPistoia Alessandro
100 _gCodice Aut. SPICS: 23256
245 _a"Assemblea come soggetto della celebrazione (L'): una verifica sui ""praenotanda"" e sui modelli celebrativi dei nuovi libr"
245 _bEcclesiologia e Liturgia
250 _a1a ed.
260 _aCASALE MONFERRATO
260 _bMarietti
260 _c1982 [1° Ed.:1982 - Ed.Ling.Originale:1981]
300 _a"37 p. (prefazione: no ; testo: 37 [pagine: 90-126])"
500 _aPraenotanda dei Nuovi libri Liturgici. iniziazione Cristiana. Celebrazionesacramentale della Penitenza. Liturgia delle Ore. Assemblea Soggetto Liturgico Articolato su una Pluralità di Ministeri.
650 _aSAGGI DI LITURGIA
650 _eCodice materia Spics: 9160
942 _cBK
957 _71
999 _c63547
_d63547
999 _bSI
999 _g1